• 首页
  • 本馆介绍
  • 公告通知
  • 最新文献
  • 馆藏检索
  • 电子资源
  • 读者导购
  • 参考咨询
  • 我的图书馆
  • 登录
  • 详细信息显示
  • 放入我的书架
  • 预约/预借图书
  • 作者相关作品
  • 分类相关作品
  • 丛书相关作品
  • 出版社相关作品

书目信息

  • 表格格式
  • 工作单格式
  • 卡片格式
题名:
生态城市建设的理论与实践
    
 
作者: 鞠美庭 , 王勇 , 孟伟庆 编著
分册:  
出版信息: 北京   化学工业出版社  2007
页数: 248页
开本: 26cm
丛书名:
单 册:
中图分类: X21
科图分类:
主题词: 城市环境--生态环境--城市建设--研究
电子资源:
ISBN: 978-7-122-00216-7
000 01085nam0 2200277 450
001 012004143721
005 20070805150245.67
009 012004143721
010    @a978-7-122-00216-7@dCNY48.00
035    @a(110019)012007020826
100    @a20070619d2007 em y0chiy0110 ea
101 0  @achi
102    @aCN@b110000
105    @ay z 000yy
106    @ar
200 1  @a生态城市建设的理论与实践@Asheng tai cheng shi jian she de li lun yu shi jian@f鞠美庭,王勇,孟伟庆编著@Fju mei ting, wang yong, meng wei qing bian zhu
210    @a北京@c化学工业出版社@d2007
215    @a248页@d26cm
330    @a本书对生态城市理论与实践方面的最新成果进行了全面总结;对国内外生态城市理论发展和实践进程进行了比较分析;结合我国国情,就如何进行自然生态体系建设,如何构建生态城市建设的评价指标体系,以及如何进行生态城市规划、建设和管理进行了探讨。
606 0  @a城市环境@x生态环境@x城市建设@x研究
690    @aX21@v4
701  0 @a鞠美庭@Aju mei ting@4编著
701  0 @a王勇@Awang yong@4编著
701  0 @a孟伟庆@Ameng wei qing@4编著
801  0 @aCN@b110019@c20070805
905    @dX21@e104@f5
    
    生态城市建设的理论与实践/鞠美庭,王勇,孟伟庆编著.-北京:化学工业出版社,2007
    248页;26cm
    
    
    ISBN 978-7-122-00216-7:CNY48.00
    本书对生态城市理论与实践方面的最新成果进行了全面总结;对国内外生态城市理论发展和实践进程进行了比较分析;结合我国国情,就如何进行自然生态体系建设,如何构建生态城市建设的评价指标体系,以及如何进行生态城市规划、建设和管理进行了探讨。
●
相关链接 在E读中查询图书 在五车中查询图书 在当当中查询图书 在豆瓣中查询图书


正题名:生态城市建设的理论与实践     索取号:X21/104         预约/预借

序号 登录号 条形码 馆藏地/架位号 状态 备注
1 0850800   208508006   第二样本阅览室/ [索取号:X21/104] 在馆    
2 0850801   208508015   第三借阅区/ [索取号:X21/104] 在馆    
3 0850802   208508024   第三借阅区/ [索取号:X21/104] 在馆    
4 0850803   208508033   第三借阅区/ [索取号:X21/104] 在馆    
5 0850804   208508042   第三借阅区/ [索取号:X21/104] 在馆    
唐山师范学院图书馆 欢迎您!
大连网信软件有限公司© 版权所有